[Event "NAYCC U14"]
[Site "Kingston CAN"]
[Date "2019.08.18"]
[Round "6.130"]
[White "Liu, Harry"]
[Black "Shubin, Daniel"]
[Result "0-1"]
[WhiteElo "1735"]
[BlackElo "2041"]
[PlyCount "78"]
[EventDate "2019.08.16"]
[EventType "swiss"]
[EventRounds "9"]
[EventCountry "CAN"]

1. d4 d5 2. Bf4 c5 3. c3 Nc6 4. dxc5 e5 5. Bg3 Bxc5 6. b4 Bd6 7. Qxd5 Nxb4 8.
Qd1 Nc6 9. e4 Nf6 10. Nd2 O-O 11. Ngf3 Qa5 12. Qb3 Qc5 13. Be2 a6 14. O-O Be6
15. Qb2 h6 16. Ne1 Rac8 17. Nd3 Qa7 18. Nb4 Rfd8 19. Nxc6 Rxc6 20. Rfd1 Bc7 21.
Kh1 Qc5 22. c4 Rcd6 23. Qc2 Qb4 24. Nb3 Rxd1+ 25. Rxd1 Rxd1+ 26. Qxd1 Bxc4 27.
Bxc4 Qxc4 28. f3 Nh5 29. Bf2 Nf4 30. Qc1 Qe2 31. Qe1 Qxa2 32. Nc1 Qc2 33. g3
Bb6 34. gxf4 Qxf2 35. Qxf2 Bxf2 36. fxe5 a5 37. Kg2 Be3 38. Na2 b5 39. Kf1 b4
0-1

[Event "NAYCC U14"]
[Site "Kingston CAN"]
[Date "2019.08.18"]
[Round "6.131"]
[White "Chakkoli, Anirud"]
[Black "Ivanescu, Mark"]
[Result "1-0"]
[WhiteElo "1769"]
[BlackElo "1985"]
[PlyCount "95"]
[EventDate "2019.08.16"]
[EventType "swiss"]
[EventRounds "9"]
[EventCountry "CAN"]

1. e4 e6 2. d4 d5 3. Nc3 dxe4 4. Nxe4 Bd7 5. Bd3 Bc6 6. Nf3 Nd7 7. Qe2 Ngf6 8.
Ng3 Be7 9. Bd2 Bxf3 10. Qxf3 c6 11. O-O-O a5 12. c4 O-O 13. h4 e5 14. Rhe1 exd4
15. Nf5 Re8 16. h5 Bf8 17. Qg3 Kh8 18. Rxe8 Qxe8 19. Qf3 Ne5 20. Qh3 Nxd3+ 21.
Qxd3 Qe5 22. Qh3 Ng4 23. f3 Qxf5 24. fxg4 Qc5 25. Qd3 b5 26. b3 bxc4 27. Qxc4
Qxc4+ 28. bxc4 g6 29. Bf4 Bg7 30. h6 Bf6 31. g5 Be7 32. Rxd4 Re8 33. Rd7 Kg8
34. Kc2 Kf8 35. Rc7 c5 36. Be3 Bd6 37. Bxc5 Bxc5 38. Rxc5 Re2+ 39. Kb3 a4+ 40.
Ka3 Rxg2 41. Ra5 Ke7 42. Kxa4 Rxa2+ 43. Kb5 Rb2+ 44. Kc6 f5 45. Ra7+ Ke6 46.
Rxh7 f4 47. Rh8 Ke7 48. h7 1-0

[Event "NAYCC U14"]
[Site "Kingston CAN"]
[Date "2019.08.18"]
[Round "6.132"]
[White "Wang, Robert"]
[Black "Stoilov, Vadym"]
[Result "0-1"]
[WhiteElo "1287"]
[BlackElo "1626"]
[PlyCount "120"]
[EventDate "2019.08.16"]
[EventType "swiss"]
[EventRounds "9"]
[EventCountry "CAN"]

1. d4 d5 2. c4 e6 3. Nf3 Nf6 4. Nc3 Be7 5. e3 b6 6. Be2 Bb7 7. O-O O-O 8. cxd5
exd5 9. Re1 Nbd7 10. Bd2 Re8 11. Qc2 c5 12. b3 a6 13. a4 Rc8 14. Rec1 Ne4 15.
Bd3 h6 16. Qb2 Bd6 17. Be1 f5 18. Qa2 Kh8 19. Nd2 cxd4 20. Ncxe4 dxe4 21. Rxc8
Qxc8 22. Bc4 dxe3 23. fxe3 Ne5 24. Qb2 Ng4 25. Nf1 Be5 26. Bc3 Bxc3 27. Qxc3 b5
28. axb5 axb5 29. h3 Ne5 30. Rc1 bxc4 31. bxc4 Nd3 32. Rc2 Qc5 33. Qd2 Qb4 34.
Qe2 g6 35. g4 Bc8 36. Ng3 Qe1+ 37. Qxe1 Nxe1 38. Re2 Nf3+ 39. Kf2 fxg4 40. hxg4
Bxg4 41. c5 Rf8 42. Rb2 Ne5+ 43. Kg1 Bf5 44. Kh1 Rc8 45. Rb5 Rc6 46. Ne2 Nd3
47. Nd4 Rxc5 48. Rxc5 Nxc5 49. Kh2 Kg7 50. Kg3 Ne6 51. Ne2 Kf6 52. Kh4 h5 53.
Ng3 Ke5 54. Nh1 Bg4 55. Nf2 g5+ 56. Kg3 Kd5 57. Nxg4 hxg4 58. Kxg4 Kc4 59. Kf5
Kd3 60. Kxe6 g4 0-1

[Event "NAYCC U14"]
[Site "Kingston CAN"]
[Date "2019.08.18"]
[Round "6.133"]
[White "Joseph Benher, Savio"]
[Black "Vijendra, Vinushan"]
[Result "1-0"]
[WhiteElo "2033"]
[BlackElo "1474"]
[PlyCount "67"]
[EventDate "2019.08.16"]
[EventType "swiss"]
[EventRounds "9"]
[EventCountry "CAN"]

1. e4 e5 2. Nf3 Nc6 3. Bb5 a6 4. Ba4 Nf6 5. d3 b5 6. Bb3 Be7 7. a4 Bb7 8. Nc3
b4 9. Ne2 a5 10. O-O O-O 11. Ng3 Re8 12. c3 h6 13. d4 exd4 14. cxd4 d5 15. e5
Ne4 16. Bc2 Na7 17. Re1 Nxg3 18. hxg3 Bf8 19. Qd3 g6 20. Nh4 Re6 21. f4 Ba6 22.
Qf3 Rc6 23. Bb1 Be7 24. Qg4 h5 25. Qh3 Bxh4 26. gxh4 Bc8 27. f5 Bxf5 28. Bxf5
gxf5 29. Bg5 Qd7 30. Qf3 Rg6 31. Qxh5 Nc6 32. Bf6 Kf8 33. e6 Qc8 34. Qh8+ 1-0

[Event "NAYCC U14"]
[Site "Kingston CAN"]
[Date "2019.08.18"]
[Round "6.134"]
[White "Wang, Eric"]
[Black "Li, Kevin"]
[Result "1/2-1/2"]
[WhiteElo "1554"]
[BlackElo "1912"]
[PlyCount "94"]
[EventDate "2019.08.16"]
[EventType "swiss"]
[EventRounds "9"]
[EventCountry "CAN"]

1. e4 c5 2. c3 d5 3. exd5 Qxd5 4. d4 Nc6 5. Nf3 Bg4 6. Be2 e6 7. Be3 cxd4 8.
cxd4 Bb4+ 9. Nc3 Nf6 10. O-O Qh5 11. Bf4 O-O 12. h3 Bxf3 13. Bxf3 Qa5 14. Bxc6
Bxc3 15. bxc3 bxc6 16. Qc2 Rfd8 17. Rab1 c5 18. dxc5 Qxc5 19. Be3 Qc6 20. Bg5
Rd5 21. Bxf6 gxf6 22. Rfd1 Rg5 23. g3 Kh8 24. Rb4 Rag8 25. Kh2 Qc7 26. Rh4 f5
27. Qd3 f6 28. Qd7 R5g7 29. Qxc7 Rxc7 30. Ra4 Kg7 31. Rd6 Re8 32. c4 Ree7 33.
Kg2 e5 34. Kf3 Kg6 35. Raa6 Rf7 36. Rdc6 Rb7 37. c5 Rb4 38. Ra3 Rc4 39. Rc8 f4
40. Kg2 fxg3 41. Rxg3+ Kf5 42. Rf3+ Ke6 43. Rc6+ Kd5 44. Rcxf6 Rxf6 45. Rxf6
Rxc5 46. Ra6 Rc7 47. Ra5+ Ke4 1/2-1/2

[Event "NAYCC U14"]
[Site "Kingston CAN"]
[Date "2019.08.18"]
[Round "6.135"]
[White "Liu, Harrison"]
[Black "Yoker, Callum"]
[Result "1/2-1/2"]
[WhiteElo "1684"]
[BlackElo "1345"]
[PlyCount "38"]
[EventDate "2019.08.16"]
[EventType "swiss"]
[EventRounds "9"]
[EventCountry "CAN"]

1. e4 c5 2. Nf3 Nc6 3. d4 cxd4 4. Nxd4 Qb6 5. Nb3 Nf6 6. Nc3 e6 7. Be3 Qc7 8.
a3 a6 9. Be2 b5 10. Qd2 d6 11. O-O-O Bb7 12. f4 Be7 13. Rhf1 O-O 14. g4 b4 15.
axb4 Nxb4 16. Na4 Bxe4 17. Na1 Qa5 18. b3 d5 19. Kb1 Qc7 1/2-1/2

[Event "NAYCC U14"]
[Site "Kingston CAN"]
[Date "2019.08.18"]
[Round "6.136"]
[White "Wei, Hunter"]
[Black "Lang, Quintin"]
[Result "0-1"]
[WhiteElo "1530"]
[BlackElo "1103"]
[PlyCount "46"]
[EventDate "2019.08.16"]
[EventType "swiss"]
[EventRounds "9"]
[EventCountry "CAN"]

1. e4 e5 2. Nf3 Nc6 3. d4 exd4 4. Nxd4 Bc5 5. Be3 Qf6 6. Nxc6 Bxe3 7. fxe3 Qh4+
8. g3 Qxe4 9. Rg1 dxc6 10. Qd2 Bg4 11. Nc3 Qe6 12. Bd3 O-O-O 13. Rf1 Nf6 14.
Ne2 Kb8 15. Nf4 Qe7 16. h3 Be6 17. g4 Ne4 18. Qg2 Nc5 19. Nxe6 Qxe6 20. Bf5
Qxe3+ 21. Qe2 Qg3+ 22. Qf2 Rhe8+ 23. Be4 Rxe4# 0-1

[Event "NAYCC U14"]
[Site "Kingston CAN"]
[Date "2019.08.18"]
[Round "6.137"]
[White "Yang, Henry"]
[Black "Ouellette, Alex"]
[Result "0-1"]
[WhiteElo "1527"]
[BlackElo "1393"]
[PlyCount "42"]
[EventDate "2019.08.16"]
[EventType "swiss"]
[EventRounds "9"]
[EventCountry "CAN"]

1. d4 c5 2. d5 Nf6 3. c4 d6 4. Nc3 g6 5. e4 Bg7 6. Bg5 O-O 7. Qd2 a6 8. f3 e5
9. g4 Nbd7 10. O-O-O Rb8 11. Nh3 Qa5 12. Nf2 b5 13. h4 b4 14. Nb1 Qxa2 15. h5
a5 16. Bd3 Ba6 17. Qe2 Nb6 18. Nd2 a4 19. Bb1 Qa1 20. Kc2 a3 21. bxa3 Qc3# 0-1

[Event "NAYCC U14"]
[Site "Kingston CAN"]
[Date "2019.08.18"]
[Round "6.138"]
[White "Ran, Charles"]
[Black "Xu, Philip"]
[Result "1/2-1/2"]
[WhiteElo "1619"]
[BlackElo "1083"]
[PlyCount "88"]
[EventDate "2019.08.16"]
[EventType "swiss"]
[EventRounds "9"]
[EventCountry "CAN"]

1. e4 c6 2. d4 d5 3. Nc3 dxe4 4. Nxe4 Bf5 5. Ng3 Bg6 6. Nf3 h6 7. Bc4 Nd7 8.
O-O e6 9. Qe2 Ngf6 10. Ne5 Nxe5 11. dxe5 Nd5 12. f4 Bc5+ 13. Kh1 O-O 14. Ne4
Bxe4 15. Qxe4 Ne7 16. Bd3 g6 17. Be3 Bxe3 18. Qxe3 Qb6 19. Qh3 Kg7 20. b3 Rad8
21. Rf3 f5 22. Qh4 Ng8 23. Rg3 Kf7 24. Re1 Qf2 25. Rd1 Rd4 26. Rh3 Qxh4 27.
Rxh4 Kg7 28. Rh3 Rxf4 29. Bc4 Re8 30. Rhd3 b5 31. Rd7+ Re7 32. Bxe6 Re4 33.
Bxg8 Rxd7 34. Rxd7+ Kxg8 35. Kg1 Rxe5 36. Rxa7 Rc5 37. a4 b4 38. Rb7 Rxc2 39.
Rxb4 Kf7 40. a5 Rc5 41. Ra4 Rb5 42. a6 Rb8 43. a7 Ra8 44. Kf2 Ke6 1/2-1/2

[Event "NAYCC U14"]
[Site "Kingston CAN"]
[Date "2019.08.18"]
[Round "6.139"]
[White "He, Jinglai"]
[Black "Astudillo Cuevas, Alonso"]
[Result "0-1"]
[WhiteElo "1398"]
[BlackElo "1975"]
[PlyCount "66"]
[EventDate "2019.08.16"]
[EventType "swiss"]
[EventRounds "9"]
[EventCountry "CAN"]

1. e4 c5 2. Nf3 g6 3. d4 cxd4 4. Nxd4 Nc6 5. Nc3 Bg7 6. Be3 Nf6 7. Bc4 Qa5 8.
f3 Qb4 9. Bb3 Nxe4 10. fxe4 Bxd4 11. Bxd4 Qxd4 12. Qf3 O-O 13. Rd1 Qc5 14. Rd5
Qb6 15. Na4 Qc7 16. O-O e6 17. Rg5 Nd4 18. Qd3 Nxb3 19. cxb3 b6 20. h4 Bb7 21.
h5 f6 22. Rg4 g5 23. Rd1 Rad8 24. h6 d5 25. Qb5 dxe4 26. Rxg5+ fxg5 27. Qxg5+
Kh8 28. Rxd8 Rxd8 29. Qf6+ Kg8 30. Qxe6+ Qf7 31. Qg4+ Qg6 32. Qh4 Rd1+ 33. Kh2
Qd6+ 0-1

[Event "NAYCC U14"]
[Site "Kingston CAN"]
[Date "2019.08.18"]
[Round "6.140"]
[White "Trey, Justin"]
[Black "Li, Wing"]
[Result "0-1"]
[WhiteElo "1419"]
[BlackElo "1619"]
[PlyCount "52"]
[EventDate "2019.08.16"]
[EventType "swiss"]
[EventRounds "9"]
[EventCountry "CAN"]

1. d4 d5 2. c4 c6 3. cxd5 cxd5 4. Nf3 Nc6 5. Nc3 Nf6 6. Bf4 a6 7. e3 Bf5 8. Rc1
e6 9. Qb3 Qd7 10. Nh4 Bg4 11. Na4 Bb4+ 12. Nc3 Bh5 13. Be2 Bxe2 14. Kxe2 Bxc3
15. Rxc3 Ne4 16. Rc2 g5 17. f3 gxf4 18. fxe4 dxe4 19. Qc3 Rg8 20. Rd1 Qd5 21.
Qc5 Rg4 22. Qb6 Rxh4 23. Rc5 f3+ 24. Kf2 Qd7 25. d5 Rxh2 26. Rg1 exd5 0-1

[Event "NAYCC U14"]
[Site "Kingston CAN"]
[Date "2019.08.18"]
[Round "6.141"]
[White "Clarke, Adam"]
[Black "Ning, Oswin"]
[Result "0-1"]
[WhiteElo "1072"]
[BlackElo "1805"]
[PlyCount "88"]
[EventDate "2019.08.16"]
[EventType "swiss"]
[EventRounds "9"]
[EventCountry "CAN"]

1. d4 d5 2. e3 Nf6 3. Nf3 Bf5 4. c4 e6 5. Nc3 c6 6. Be2 h6 7. O-O Bd6 8. Bd3
Ne4 9. c5 Bc7 10. Qc2 Nxc3 11. bxc3 Bxd3 12. Qxd3 Nd7 13. e4 dxe4 14. Qxe4 O-O
15. c4 Qf6 16. Rb1 Rab8 17. Bb2 Qe7 18. d5 Nxc5 19. Qd4 f6 20. Nh4 Rfd8 21.
Rbe1 Qd6 22. g3 cxd5 23. Qg4 Qf8 24. Ba3 Bd6 25. Rxe6 Nxe6 26. Qxe6+ Qf7 27.
Qe3 Bxa3 28. Qxa3 dxc4 29. Re1 Re8 30. Rd1 Rbd8 31. Rc1 Qd5 32. Qxa7 Re6 33.
Ng6 Rde8 34. Qa8 Rxa8 35. Nf4 Qe4 36. Nxe6 Qxe6 37. Rf1 c3 38. f3 Rxa2 39. Rf2
c2 40. Kg2 Qe1 41. g4 Qxf2+ 42. Kxf2 c1=Q+ 43. Kg3 g5 44. f4 Qe3# 0-1

[Event "NAYCC U14"]
[Site "Kingston CAN"]
[Date "2019.08.18"]
[Round "6.142"]
[White "Wang, Edward"]
[Black "Albury, Noah"]
[Result "1-0"]
[WhiteElo "1111"]
[BlackElo "1508"]
[PlyCount "59"]
[EventDate "2019.08.16"]
[EventType "swiss"]
[EventRounds "9"]
[EventCountry "CAN"]

1. e4 e5 2. Nf3 Nc6 3. d4 exd4 4. Nxd4 Bc5 5. Be3 Nxd4 6. Bxd4 Bxd4 7. Qxd4 f6
8. Nc3 Ne7 9. Bc4 Nc6 10. Qe3 d6 11. O-O-O Na5 12. Be2 O-O 13. g4 Re8 14. Qg3
b6 15. f4 Bb7 16. Bd3 c5 17. Rhe1 c4 18. Bf1 Rc8 19. Nb5 Rxe4 20. Rxe4 Bxe4 21.
Nxd6 Bc6 22. Nxc8 Qxc8 23. h3 b5 24. Qa3 Qc7 25. Qd6 Qb7 26. Qd8+ Kf7 27. Qxa5
Bf3 28. Re1 a6 29. Bxc4+ bxc4 30. Qh5+ 1-0

[Event "NAYCC U14"]
[Site "Kingston CAN"]
[Date "2019.08.18"]
[Round "6.112"]
[White "Hu, Merric"]
[Black "Wu, Tony (Dongze)"]
[Result "0-1"]
[WhiteElo "2215"]
[BlackElo "2127"]
[PlyCount "102"]
[EventDate "2019.08.16"]
[EventType "swiss"]
[EventRounds "9"]
[EventCountry "CAN"]

1. e4 c5 2. Nf3 d6 3. d4 cxd4 4. Nxd4 Nf6 5. Nc3 g6 6. Be2 Bg7 7. Be3 Nc6 8.
O-O O-O 9. f4 Bd7 10. h3 Rc8 11. Nf3 a6 12. Qe1 b5 13. e5 Ne8 14. Qg3 Bf5 15.
Rac1 b4 16. Na4 dxe5 17. fxe5 Qc7 18. Nb6 Rb8 19. Nc4 Nf6 20. Qh2 Nd5 21. Bf2
Bh6 22. Ncd2 Nf4 23. Bxa6 Ra8 24. Bb5 Rfb8 25. Bxc6 Ne2+ 26. Kh1 Qxc6 27. Rce1
Bf4 28. Nd4 Qb7 29. Nxf5 gxf5 30. Rxe2 Bxh2 31. Kxh2 Qd5 32. Bg3 e6 33. Rf3
Rxa2 34. Bh4 Rxb2 35. Be7 f6 36. exf6 Kf7 37. Rd3 Qxd3 38. cxd3 b3 39. Bd6 Rb5
40. Be5 Rxd2 41. Rxd2 Rxe5 42. Rb2 Rb5 43. Kg3 Kxf6 44. Kf4 Rb4+ 45. Ke3 Ke5
46. d4+ Kd5 47. Kd3 f4 48. Kc3 Rb7 49. Kd3 h6 50. Kc3 Rg7 51. Rxb3 Rg3+ 0-1

[Event "NAYCC U14"]
[Site "Kingston CAN"]
[Date "2019.08.18"]
[Round "6.113"]
[White "Tanaka, Tyler"]
[Black "Doknjas, Neil"]
[Result "1-0"]
[WhiteElo "2227"]
[BlackElo "2083"]
[PlyCount "77"]
[EventDate "2019.08.16"]
[EventType "swiss"]
[EventRounds "9"]
[EventCountry "CAN"]

1. e4 c5 2. Nc3 a6 3. Nf3 d6 4. g3 b5 5. d4 cxd4 6. Nxd4 e5 7. Nf5 g6 8. Ne3
Bh6 9. Ncd5 Nd7 10. a4 bxa4 11. Nc4 Bf8 12. Bd2 a5 13. Rxa4 Nc5 14. Bxa5 Qd7
15. Nc7+ Ke7 16. Nd5+ Ke6 17. Ncb6 Qxa4 18. Nxa4 Rxa5 19. Nxc5+ dxc5 20. Bc4
Kd6 21. Nf6+ Ke7 22. Nxg8+ Rxg8 23. O-O Bh3 24. Re1 Bg7 25. Qd5 Be6 26. Qb7+
Kf6 27. Bxe6 fxe6 28. f4 c4 29. fxe5+ Rxe5 30. Rf1+ Kg5 31. Qe7+ Kh6 32. Qh4+
Rh5 33. Qf4+ g5 34. Qd6 Bxb2 35. e5 g4 36. Rf6+ Rg6 37. Qf8+ Kg5 38. Rxg6+ hxg6
39. Qf4# 1-0

[Event "NAYCC U14"]
[Site "Kingston CAN"]
[Date "2019.08.18"]
[Round "6.114"]
[White "Zheng, Richard Qinghe"]
[Black "Kang, Dorian"]
[Result "1-0"]
[WhiteElo "2180"]
[BlackElo "2209"]
[PlyCount "87"]
[EventDate "2019.08.16"]
[EventType "swiss"]
[EventRounds "9"]
[EventCountry "CAN"]

1. b3 d5 2. Bb2 Bg4 3. f3 Bh5 4. e3 e6 5. Ne2 Nf6 6. Ng3 Bd6 7. Be2 Bg6 8. f4
h5 9. d4 h4 10. Nf1 Be4 11. Bf3 Bxf3 12. Qxf3 Ne4 13. Nfd2 f5 14. Nxe4 fxe4 15.
Qg4 Qf6 16. c4 Nc6 17. a3 Ne7 18. Nc3 c6 19. Kd2 Nf5 20. Rae1 Kd7 21. Kc2 Rh6
22. Kb1 Rg8 23. cxd5 cxd5 24. Rhf1 Qf7 25. Qe2 a6 26. Na4 b5 27. Nc5+ Bxc5 28.
dxc5 Kc6 29. Be5 Qe8 30. Qd2 Qd7 31. Kb2 Qb7 32. Re2 Rh5 33. Qe1 g5 34. g4 hxg3
35. hxg3 g4 36. Rg2 Rg6 37. Rfg1 Rh3 38. Ka2 Rgh6 39. Kb2 Qa7 40. Qa5 Nxe3 41.
Qd8 Rh7 42. Qd6+ Kb7 43. c6+ Kb6 44. Bd4+ 1-0

[Event "NAYCC U14"]
[Site "Kingston CAN"]
[Date "2019.08.18"]
[Round "6.115"]
[White "Tu, Lewis"]
[Black "Putnam, Liam Henry"]
[Result "0-1"]
[WhiteElo "1937"]
[BlackElo "2252"]
[PlyCount "54"]
[EventDate "2019.08.16"]
[EventType "swiss"]
[EventRounds "9"]
[EventCountry "CAN"]

1. c4 Nf6 2. Nc3 g6 3. d4 Bg7 4. e4 d6 5. f4 O-O 6. Nf3 c5 7. d5 e6 8. Be2 exd5
9. cxd5 Re8 10. e5 dxe5 11. fxe5 Ng4 12. Bg5 Qb6 13. O-O h6 14. Bc1 Bf5 15. h3
Nxe5 16. Nxe5 Bxe5 17. Bg4 Bxg4 18. Qxg4 Bg7 19. Qc4 Nd7 20. Rb1 Ne5 21. Qf4 f5
22. Rd1 c4+ 23. Be3 Qa6 24. b3 Nd3 25. Qf3 Bxc3 26. Bxh6 Bd4+ 27. Kh2 Qd6+ 0-1

[Event "NAYCC U14"]
[Site "Kingston CAN"]
[Date "2019.08.18"]
[Round "6.116"]
[White "Rusonik, Max"]
[Black "Oberoi, Shelev"]
[Result "0-1"]
[WhiteElo "2180"]
[BlackElo "2140"]
[PlyCount "89"]
[EventDate "2019.08.16"]
[EventType "swiss"]
[EventRounds "9"]
[EventCountry "CAN"]

1. e4 e5 2. Nf3 Nc6 3. Bc4 Nf6 4. d4 exd4 5. e5 d5 6. Bb5 Ne4 7. Nxd4 Bd7 8.
Bxc6 bxc6 9. O-O Be7 10. f3 Nc5 11. c4 O-O 12. Qe2 Ne6 13. Be3 f6 14. Nxe6 Bxe6
15. Bd4 dxc4 16. Rd1 fxe5 17. Qxe5 Rf6 18. Nc3 Bd6 19. Qg5 Rg6 20. Qxd8+ Rxd8
21. Bxa7 Bh3 22. g3 Rf8 23. Ne4 Rxf3 24. Bc5 Rd3 25. Bxd6 cxd6 26. Rxd3 cxd3
27. Rd1 Bg4 28. Rd2 c5 29. b3 Bf5 30. Nf2 Re6 31. Nxd3 g5 32. Kf2 Rf6 33. Ke3
Bg4 34. Rf2 Re6+ 35. Kd2 Re7 36. Kc3 Re3 37. Kd2 Re4 38. Kc3 Kg7 39. a4 Be6 40.
Ra2 c4 41. bxc4 Rxc4+ 42. Kd2 h5 43. a5 h4 44. a6 Rc8 45. a7 0-1

[Event "NAYCC U14"]
[Site "Kingston CAN"]
[Date "2019.08.18"]
[Round "6.117"]
[White "England, Max"]
[Black "Huang, Ryan"]
[Result "1-0"]
[WhiteElo "1988"]
[BlackElo "2024"]
[PlyCount "85"]
[EventDate "2019.08.16"]
[EventType "swiss"]
[EventRounds "9"]
[EventCountry "CAN"]

1. e4 c5 2. d4 cxd4 3. c3 dxc3 4. Nxc3 Nc6 5. Nf3 d6 6. Bc4 a6 7. O-O Nf6 8.
Qe2 Bg4 9. Rd1 Rc8 10. Bb3 Qa5 11. Bf4 Qh5 12. Nd5 e5 13. Be3 Nxd5 14. exd5 Nd8
15. Bb6 Be7 16. Ba4+ Kf8 17. Rac1 Rxc1 18. Rxc1 Bxf3 19. Qxf3 Qxf3 20. gxf3 f5
21. Bd7 g6 22. Bc8 Rg8 23. Rc7 Kf7 24. Bxb7 Nxb7 25. Rxb7 Ra8 26. b4 Ke8 27. a4
Rc8 28. Bc7 Kd7 29. Bb6+ Ke8 30. Ra7 Rc1+ 31. Kg2 Rb1 32. Rxa6 Rxb4 33. a5 Rb5
34. Ra8+ Kd7 35. Rb8 Rxd5 36. a6 Rd3 37. a7 Ra3 38. a8=Q Rxa8 39. Rxa8 d5 40.
Rh8 d4 41. Rxh7 d3 42. Be3 Ke6 43. Bd2 1-0

[Event "NAYCC U14"]
[Site "Kingston CAN"]
[Date "2019.08.18"]
[Round "6.118"]
[White "Li, Dennis"]
[Black "Zhang, Samuel"]
[Result "1/2-1/2"]
[WhiteElo "2151"]
[BlackElo "2048"]
[PlyCount "82"]
[EventDate "2019.08.16"]
[EventType "swiss"]
[EventRounds "9"]
[EventCountry "CAN"]

1. e4 c5 2. Nf3 d6 3. Bb5+ Bd7 4. Bxd7+ Qxd7 5. O-O Nc6 6. c3 Nf6 7. Qe2 e6 8.
d4 cxd4 9. cxd4 d5 10. e5 Ne4 11. Be3 Be7 12. Ne1 f6 13. f3 Ng5 14. Nd3 fxe5
15. dxe5 O-O 16. Nd2 Rac8 17. Rac1 b6 18. Rfd1 Nf7 19. f4 Rc7 20. Nb3 Rfc8 21.
a3 Bf8 22. Rd2 Nfd8 23. h3 Nb7 24. Qf2 Nba5 25. Nxa5 Nxa5 26. Rdc2 Nb3 27. Rxc7
Rxc7 28. Rxc7 Qxc7 29. f5 d4 30. Bg5 h6 31. h4 Nc5 32. Nxc5 Bxc5 33. b4 Be7 34.
Bxe7 Qxe7 35. Qxd4 exf5 36. Qd5+ Kf8 37. e6 g6 38. Qe5 Ke8 39. Qh8+ Qf8 40. Qh7
Qf6 41. Qd7+ Kf8 1/2-1/2

[Event "NAYCC U14"]
[Site "Kingston CAN"]
[Date "2019.08.18"]
[Round "6.119"]
[White "Craciun, David"]
[Black "Zong, Davis"]
[Result "0-1"]
[WhiteElo "1949"]
[BlackElo "2263"]
[PlyCount "56"]
[EventDate "2019.08.16"]
[EventType "swiss"]
[EventRounds "9"]
[EventCountry "CAN"]

1. d4 Nf6 2. Bf4 e6 3. e3 c5 4. Nd2 Nc6 5. Ngf3 b6 6. Be2 Bb7 7. O-O Be7 8. h3
O-O 9. c3 Rc8 10. Rc1 d6 11. Re1 Qd7 12. e4 Rfd8 13. Bh2 cxd4 14. cxd4 d5 15.
e5 Ne4 16. Bd3 Nxd2 17. Qxd2 Bb4 18. Qf4 Bxe1 19. Qh4 Bxf2+ 20. Kxf2 h6 21. g4
Nb4 22. Rd1 Nxd3+ 23. Rxd3 Rc2+ 24. Ke3 Ba6 25. Ra3 Rdc8 26. Kf4 Qb5 27. Bg3
Qf1 28. g5 Re2 0-1

[Event "NAYCC U14"]
[Site "Kingston CAN"]
[Date "2019.08.18"]
[Round "6.120"]
[White "Modi, Ethan"]
[Black "Wu, Eric"]
[Result "1/2-1/2"]
[WhiteElo "1980"]
[BlackElo "2080"]
[PlyCount "68"]
[EventDate "2019.08.16"]
[EventType "swiss"]
[EventRounds "9"]
[EventCountry "CAN"]

1. d4 d5 2. c4 e6 3. Nf3 Nf6 4. g3 Be7 5. Bg2 b6 6. cxd5 exd5 7. O-O O-O 8. Nc3
c6 9. Ne5 Qc7 10. Bf4 Bd6 11. Rc1 Qe7 12. Nd3 Bf5 13. Bxd6 Qxd6 14. Re1 Re8 15.
Ne5 Nbd7 16. Nxd7 Qxd7 17. Qd2 Qd6 18. a3 Rac8 19. b4 Qd7 20. a4 Ne4 21. Nxe4
Bxe4 22. Bxe4 Rxe4 23. f3 Re6 24. e3 h6 25. Rc3 Rce8 26. Rb3 Rf6 27. Rf1 h5 28.
b5 c5 29. dxc5 bxc5 30. Rd3 Rd8 31. e4 d4 32. Rc1 Rc8 33. Rc4 Rg6 34. Qc1 Qh3
1/2-1/2

[Event "NAYCC U14"]
[Site "Kingston CAN"]
[Date "2019.08.18"]
[Round "6.121"]
[White "Windram, James"]
[Black "Zheng, Kevin"]
[Result "1/2-1/2"]
[WhiteElo "2064"]
[BlackElo "2058"]
[PlyCount "76"]
[EventDate "2019.08.16"]
[EventType "swiss"]
[EventRounds "9"]
[EventCountry "CAN"]

1. e4 c5 2. Nf3 Nc6 3. d4 cxd4 4. Nxd4 g6 5. Nc3 Bg7 6. Be3 Nf6 7. Bc4 Qa5 8.
O-O O-O 9. Bb3 d6 10. h3 Bd7 11. f4 Nxd4 12. Bxd4 Bc6 13. Nd5 Nxd5 14. exd5
Bxd4+ 15. Qxd4 Bd7 16. Rae1 Rfe8 17. Kh2 Qc5 18. Qd2 b5 19. Re3 a5 20. c3 Rab8
21. Rfe1 a4 22. Bd1 e6 23. Bg4 Qc4 24. dxe6 Bxe6 25. Bxe6 fxe6 26. Qxd6 Rbd8
27. Qb4 Qxb4 28. cxb4 Rd2 29. R1e2 Rd4 30. Re4 Red8 31. Rxe6 Rxb4 32. g3 Rc4
33. a3 b4 34. axb4 Rxb4 35. Re8+ Rxe8 36. Rxe8+ Kf7 37. Re2 h5 38. Kg2 Rb3
1/2-1/2

[Event "NAYCC U14"]
[Site "Kingston CAN"]
[Date "2019.08.18"]
[Round "6.122"]
[White "Lu, Jason"]
[Black "Zhao, Jeffrey Renfei"]
[Result "1/2-1/2"]
[WhiteElo "2161"]
[BlackElo "1999"]
[PlyCount "73"]
[EventDate "2019.08.16"]
[EventType "swiss"]
[EventRounds "9"]
[EventCountry "CAN"]

1. e4 e5 2. Nf3 Nc6 3. Bc4 Bc5 4. d3 Nf6 5. c3 a6 6. a4 Ba7 7. O-O d6 8. Bg5 h6
9. Bh4 O-O 10. Nbd2 Be6 11. b4 Qe7 12. Re1 Nd8 13. h3 Bxc4 14. Nxc4 Ne6 15. Ne3
Nf4 16. Ng4 N4h5 17. Qd2 Kh7 18. Ne3 Qe6 19. c4 Nf4 20. Nf5 c6 21. Bg5 N6h5 22.
Be7 Rfe8 23. Bxd6 Qg6 24. N3h4 Qg5 25. Kh2 g6 26. g3 gxf5 27. Nf3 Qf6 28. Bxe5
Rxe5 29. Nxe5 Qxe5 30. gxf4 Nxf4 31. Kh1 fxe4 32. dxe4 Qh5 33. Qxf4 Qxh3+ 34.
Qh2 Qf3+ 35. Qg2 Qh5+ 36. Qh2 Qf3+ 37. Qg2 1/2-1/2

[Event "NAYCC U14"]
[Site "Kingston CAN"]
[Date "2019.08.18"]
[Round "6.123"]
[White "Hua, Charles"]
[Black "Wu, Lucian"]
[Result "1-0"]
[WhiteElo "2062"]
[BlackElo "1832"]
[PlyCount "73"]
[EventDate "2019.08.16"]
[EventType "swiss"]
[EventRounds "9"]
[EventCountry "CAN"]

1. e4 e5 2. Nf3 Nc6 3. Bb5 a6 4. Ba4 Nf6 5. d3 b5 6. Bb3 Be7 7. O-O O-O 8. Re1
d5 9. Nbd2 Bg4 10. c3 d4 11. h3 Bh5 12. Nf1 dxc3 13. bxc3 b4 14. Bb2 bxc3 15.
Bxc3 Bxf3 16. Qxf3 Bb4 17. Bxb4 Nxb4 18. Rad1 a5 19. Rd2 Qd4 20. Ng3 Rfd8 21.
Nf5 Qb6 22. Qg3 Ne8 23. a3 Na6 24. Bd5 c6 25. Ne7+ Kf8 26. Nxc6 Rd6 27. Nxe5
Ra7 28. Nc4 Qc5 29. d4 Qc7 30. Nxd6 Nxd6 31. Qh4 h6 32. e5 Nf5 33. Qf4 Qd7 34.
Bc4 Qc8 35. Rc2 Qd7 36. e6 Qxd4 37. Qxf5 1-0

[Event "NAYCC U14"]
[Site "Kingston CAN"]
[Date "2019.08.18"]
[Round "6.124"]
[White "Mao, Fengxi"]
[Black "Li, Weijie"]
[Result "1-0"]
[WhiteElo "2111"]
[BlackElo "2022"]
[PlyCount "127"]
[EventDate "2019.08.16"]
[EventType "swiss"]
[EventRounds "9"]
[EventCountry "CAN"]

1. e4 c5 2. Nf3 a6 3. c3 d5 4. exd5 Qxd5 5. d4 Nf6 6. Be2 e6 7. O-O Be7 8. Be3
cxd4 9. cxd4 O-O 10. Nc3 Qd6 11. Qb3 Nc6 12. Rfd1 Nb4 13. Ne5 Nbd5 14. Rac1 Bd7
15. Nxd5 Nxd5 16. Bf3 b5 17. Bxd5 exd5 18. Bf4 Rfc8 19. Nc6 Qf6 20. Be5 Qe6 21.
Nxe7+ Qxe7 22. Qxd5 Be6 23. Qe4 Bxa2 24. Rxc8+ Rxc8 25. Qg4 Qf8 26. Bxg7 Be6
27. Qxe6 fxe6 28. Bxf8 Kxf8 29. Kf1 Rc2 30. Ra1 Rxb2 31. Rxa6 Kf7 32. Ra7+ Kg6
33. Re7 Kf5 34. Rxh7 Ke4 35. Rh4+ Kd3 36. g4 Ra2 37. Rh6 Kxd4 38. Rxe6 Kd5 39.
Rb6 Kc5 40. Rb8 Ra4 41. f3 Rf4 42. Kg2 b4 43. h4 Rf6 44. g5 Rf7 45. g6 Rf6 46.
h5 Rf5 47. h6 Rg5+ 48. Kf2 Rxg6 49. h7 Rh6 50. h8=Q Rxh8 51. Rxh8 b3 52. Rb8
Kc4 53. f4 Kc3 54. f5 Kb2 55. f6 Ka2 56. f7 b2 57. f8=Q b1=Q 58. Rxb1 Kxb1 59.
Ke2 Kc2 60. Qb4 Kc1 61. Qd2+ Kb1 62. Kd3 Ka1 63. Kc2 Ka2 64. Qa5# 1-0